000
00283nam a2200109 a 4500
005
20201002034726.0
008
130927s1976 000 spa d
100
_a
Fletcher, Edward
_9
67829
245
0
_a
Antique bottles in colour.
260
_a
s. l.,
_c
1976-- 166 p.
999
_c
40733
_d
40733
040
_a
DO-SdBNP